000 00239nam a2200097 a 4500
005 20201002061648.0
008 190719s1973 000 spa d
245 0 _aAnunciaremos tu Reino.
260 _aSanto Domingo,
_c1973.
999 _c48596
_d48596
040 _aDO-SdBNP